Land management for shooting and fishing: a study of practice on farms and estates in Great Britain during 1971-1976 (Record no. 86682)

MARC details
000 -LEADER
fixed length control field 00572cam a2200193 4500
001 - CONTROL NUMBER
control field D7878
008 - FIXED-LENGTH DATA ELEMENTS--GENERAL INFORMATION
fixed length control field 090401t1981 xxu||||| |||| 00| 0 eng d
035 ## - SYSTEM CONTROL NUMBER
System control number (Sirsi) u9947
041 ## - LANGUAGE CODE
Language code of text/sound track or separate title eng
050 ## - LIBRARY OF CONGRESS CALL NUMBER
Classification number 333.335
100 ## - MAIN ENTRY--PERSONAL NAME
Personal name Piddington, Helen R
245 ## - TITLE STATEMENT
Title Land management for shooting and fishing: a study of practice on farms and estates in Great Britain during 1971-1976
260 ## - PUBLICATION, DISTRIBUTION, ETC.
Place of publication, distribution, etc. Cambridge
Name of publisher, distributor, etc. University of Cambridge, Department of L
Date of publication, distribution, etc. 1981
300 ## - PHYSICAL DESCRIPTION
Extent 131p. 22cm
350 ## - PRICE (NR) (BK AM CF MU VM SE) [OBSOLETE]
Price 4.5
490 ## - SERIES STATEMENT
Series statement Occasional Paper
Volume/sequential designation 13
942 ## - ADDED ENTRY ELEMENTS (KOHA)
Suppress in OPAC 0
948 ## - LOCAL PROCESSING INFORMATION (OCLC); SERIES PART DESIGNATOR (RLIN)
c (OCLC) 04/03/1997
Holdings
Withdrawn status Lost status Source of classification or shelving scheme Damaged status Not for loan Home library Current library Shelving location Date acquired Cost, normal purchase price Total Checkouts Full call number Barcode Date last seen Copy number Cost, replacement price Price effective from Koha item type
    Dewey Decimal Classification     London London Basement 14/09/1999 4.50   SHELF 133 30002706 06/08/2019 1 4.50 06/08/2019 Book